Freefalling/ (Record no. 795785)

MARC details
000 -LEADER
fixed length control field 00443nam a22001697a 4500
003 - CONTROL NUMBER IDENTIFIER
control field 3228
005 - DATE AND TIME OF LATEST TRANSACTION
control field 20260407104249.0
008 - FIXED-LENGTH DATA ELEMENTS--GENERAL INFORMATION
fixed length control field 260407b sa ||||| |||| 00| 0 eng d
020 ## - INTERNATIONAL STANDARD BOOK NUMBER
International Standard Book Number <a href="9780636016057">9780636016057</a>
040 ## - CATALOGING SOURCE
Transcribing agency RDA
082 #0 - DEWEY DECIMAL CLASSIFICATION NUMBER
Classification number EJF DAVI
942 ## - ADDED ENTRY ELEMENTS
Creator ID 169
Creator Name Boniswa Ngcongolo
Modifier ID 169
Modifier Name Boniswa Ngcongolo
100 ## - MAIN ENTRY--PERSONAL NAME
Personal name Davidow, Shelley
245 ## - TITLE STATEMENT
Title Freefalling/
260 ## - PUBLICATION, DISTRIBUTION, ETC.
Place of publication, distribution, etc. Cape Town :
Name of publisher, distributor, etc. Maskew Miller Longman,
Date of publication, distribution, etc. 1991.
300 ## - PHYSICAL DESCRIPTION
Extent 108 pages :
Other physical details illustrations, portrait ;
Dimensions 21 cm.
942 ## - ADDED ENTRY ELEMENTS
Source of classification or shelving scheme Dewey Decimal Classification
item type Book
Holdings
Withdrawn status Lost status Source of classification or shelving scheme Damaged status Not for loan Collection code Home library Current library Shelving location Date acquired Cost, normal purchase price Total Checkouts Full call number Barcode Date last seen Price effective from item type
    Dewey Decimal Classification     Fiction Badplaas / Manzana Public Library Badplaas / Manzana Public Library Fiction 07.04.2026 167.40   EJF DAVI 3322803173900 07.04.2026 07.04.2026 Book